000 00673nam a2200205 4500
001 140256
003 ES-MaACL
005 20230906200036.0
007 t|
008 070214s1979 sp r ||||1| spa d
100 1 _aSchumacher, E. F.
_9104803
245 1 0 _aLo pequeño es hermoso
_b: por una sociedad técnica a la medida del hombre /
_cE. F. Schumacher ; traducción de Oscar Margenet.
260 _aMadrid :
_bBlume,
_c1979.
300 _a310 p. ;
_c21 cm.
490 1 _aCiencia, tecnología, sociedad
700 1 _aMargenet, Oscar.
_976624
830 0 _aCiencia, tecnología, sociedad
_9220310
852 _aES-MaACL
_jA-10371
_bR.99604
999 _c140256
_d140256